<?xml version="1.0" encoding="UTF-8"?><?xml-stylesheet type="text/xsl" href="static/style.xsl"?><OAI-PMH xmlns="http://www.openarchives.org/OAI/2.0/" xmlns:xsi="http://www.w3.org/2001/XMLSchema-instance" xsi:schemaLocation="http://www.openarchives.org/OAI/2.0/ http://www.openarchives.org/OAI/2.0/OAI-PMH.xsd"><responseDate>2026-04-29T13:17:07Z</responseDate><request verb="GetRecord" identifier="oai:riubu.ubu.es:10259/3834" metadataPrefix="marc">https://riubu.ubu.es/oai/request</request><GetRecord><record><header><identifier>oai:riubu.ubu.es:10259/3834</identifier><datestamp>2023-05-18T10:53:15Z</datestamp><setSpec>com_10259.4_2496</setSpec><setSpec>com_10259.4_2477</setSpec><setSpec>com_10259.4_106</setSpec><setSpec>com_10259_2604</setSpec><setSpec>col_10259.4_2497</setSpec></header><metadata><record xmlns="http://www.loc.gov/MARC21/slim" xmlns:doc="http://www.lyncode.com/xoai" xmlns:xsi="http://www.w3.org/2001/XMLSchema-instance" xmlns:dcterms="http://purl.org/dc/terms/" xsi:schemaLocation="http://www.loc.gov/MARC21/slim http://www.loc.gov/standards/marcxml/schema/MARC21slim.xsd">
<leader>00925njm 22002777a 4500</leader>
<datafield tag="042" ind1=" " ind2=" ">
<subfield code="a">dc</subfield>
</datafield>
<datafield tag="720" ind1=" " ind2=" ">
<subfield code="a">Gil Gascón, Fátima</subfield>
<subfield code="e">author</subfield>
</datafield>
<datafield tag="260" ind1=" " ind2=" ">
<subfield code="c">2014</subfield>
</datafield>
<datafield tag="520" ind1=" " ind2=" ">
<subfield code="a">Este artículo tiene como objetivo analizar las relaciones entre el cine y la televisión en España durante&#xd;
la década de los sesenta, más específicamente entre 1962 y 1969. En concreto se trata de establecer hasta&#xd;
qué punto la televisión, y especialmente el cine emitido en televisión pudo influir, como sucedió en el&#xd;
resto de occidente, en la pérdida de público cinematográfico. Se parte de la premisa de que la televisión&#xd;
se presentó desde su origen como una potencial enemiga del cine que alejaba a los espectadores de las&#xd;
salas. Esta investigación pretende descubrir si estos planteamientos fueron reales y qué participación tuvieron&#xd;
en ellos la programación cinematográfica emitida por el ente público.</subfield>
</datafield>
<datafield tag="520" ind1=" " ind2=" ">
<subfield code="a">This article aims to analyze the relationship between cinema and television in Spain during the 60th,&#xd;
specifically between 1962 and 1969. It focuses specifically on the influence of the cinema broadcast on&#xd;
television and it´s connection with the loss of cinema´s spectators during this year in western countries.&#xd;
This research starts from the premise that there was a confrontation between cinema and television. Cinema&#xd;
watched the television like an enemy, able to get the spectator away from movie theaters. This paper&#xd;
aims to find the truth of those statements though the study of the relationship between cinema and television&#xd;
in the Francoist time.</subfield>
</datafield>
<datafield tag="024" ind2=" " ind1="8">
<subfield code="a">1134-1629</subfield>
</datafield>
<datafield tag="024" ind2=" " ind1="8">
<subfield code="a">http://hdl.handle.net/10259/3834</subfield>
</datafield>
<datafield tag="024" ind2=" " ind1="8">
<subfield code="a">10.5209/rev_ESMP.2014.v20.45097</subfield>
</datafield>
<datafield ind1=" " ind2=" " tag="653">
<subfield code="a">cine</subfield>
</datafield>
<datafield ind1=" " ind2=" " tag="653">
<subfield code="a">televisión</subfield>
</datafield>
<datafield ind1=" " ind2=" " tag="653">
<subfield code="a">Franquismo</subfield>
</datafield>
<datafield ind1=" " ind2=" " tag="653">
<subfield code="a">espectadores</subfield>
</datafield>
<datafield ind1=" " ind2=" " tag="653">
<subfield code="a">relaciones</subfield>
</datafield>
<datafield ind1=" " ind2=" " tag="653">
<subfield code="a">cinema</subfield>
</datafield>
<datafield ind1=" " ind2=" " tag="653">
<subfield code="a">television</subfield>
</datafield>
<datafield ind1=" " ind2=" " tag="653">
<subfield code="a">Francoist time</subfield>
</datafield>
<datafield ind1=" " ind2=" " tag="653">
<subfield code="a">spectator</subfield>
</datafield>
<datafield ind1=" " ind2=" " tag="653">
<subfield code="a">relationship</subfield>
</datafield>
<datafield tag="245" ind1="0" ind2="0">
<subfield code="a">Televisión versus cine: la influencia de los largometrajes emitidos por TVE en la exhibición cinematográfica española (19621969)</subfield>
</datafield>
</record></metadata></record></GetRecord></OAI-PMH>